| 000 -LEADER |
| fixed length control field |
01421cam a22003254a 4500 |
| 001 - CONTROL NUMBER |
| control field |
13563158 |
| 005 - DATE AND TIME OF LATEST TRANSACTION |
| control field |
20250319103717.0 |
| 008 - FIXED-LENGTH DATA ELEMENTS--GENERAL INFORMATION |
| fixed length control field |
040419s2005 enkb b 001 0 eng |
| 010 ## - LIBRARY OF CONGRESS CONTROL NUMBER |
| LC control number |
2004049739 |
| 020 ## - INTERNATIONAL STANDARD BOOK NUMBER |
| International Standard Book Number |
0521005809 (pbk.) |
| 020 ## - INTERNATIONAL STANDARD BOOK NUMBER |
| International Standard Book Number |
0521803322 (hardback) |
| 040 ## - CATALOGING SOURCE |
| Original cataloging agency |
DLC |
| Transcribing agency |
DLC |
| Modifying agency |
DLC |
| 042 ## - AUTHENTICATION CODE |
| Authentication code |
pcc |
| 043 ## - GEOGRAPHIC AREA CODE |
| Geographic area code |
aw----- |
| 050 00 - LIBRARY OF CONGRESS CALL NUMBER |
| Classification number |
KBP55 |
| Item number |
.H35 2005 |
| 082 00 - DEWEY DECIMAL CLASSIFICATION NUMBER |
| Classification number |
340.5909 |
| Author Mark |
HAL |
| 100 1# - MAIN ENTRY--PERSONAL NAME |
| Personal name |
Hallaq, Wael B., |
| Dates associated with a name |
1955- |
| 9 (RLIN) |
89722 |
| 245 14 - TITLE STATEMENT |
| Title |
The origins and evolution of Islamic law / |
| Statement of responsibility, etc. |
Wael B. Hallaq. |
| 260 ## - PUBLICATION, DISTRIBUTION, ETC. |
| Place of publication, distribution, etc. |
Cambridge, UK ; |
| -- |
New York : |
| Name of publisher, distributor, etc. |
Cambridge University Press, |
| Date of publication, distribution, etc. |
2005. |
| 300 ## - PHYSICAL DESCRIPTION |
| Extent |
ix, 234 p. : |
| Other physical details |
maps ; |
| Dimensions |
23 cm. |
| 440 #0 - SERIES STATEMENT/ADDED ENTRY--TITLE |
| Title |
Themes in Islamic law ; |
| Volume/sequential designation |
1 |
| 9 (RLIN) |
90010 |
| 504 ## - BIBLIOGRAPHY, ETC. NOTE |
| Bibliography, etc. note |
Includes bibliographical references (p. 217-228) and index. |
| 650 #0 - SUBJECT ADDED ENTRY--TOPICAL TERM |
| Topical term or geographic name entry element |
Islamic law |
| General subdivision |
History |
| Chronological subdivision |
To 1500. |
| 9 (RLIN) |
128485 |
| 856 41 - ELECTRONIC LOCATION AND ACCESS |
| Materials specified |
Table of contents |
| Uniform Resource Identifier |
<a href="http://www.loc.gov/catdir/toc/cam051/2004049739.html">http://www.loc.gov/catdir/toc/cam051/2004049739.html</a> |
| 856 42 - ELECTRONIC LOCATION AND ACCESS |
| Materials specified |
Publisher description |
| Uniform Resource Identifier |
<a href="http://www.loc.gov/catdir/description/cam041/2004049739.html">http://www.loc.gov/catdir/description/cam041/2004049739.html</a> |
| 856 42 - ELECTRONIC LOCATION AND ACCESS |
| Materials specified |
Contributor biographical information |
| Uniform Resource Identifier |
<a href="http://www.loc.gov/catdir/enhancements/fy0732/2004049739-b.html">http://www.loc.gov/catdir/enhancements/fy0732/2004049739-b.html</a> |
| 906 ## - LOCAL DATA ELEMENT F, LDF (RLIN) |
| a |
7 |
| b |
cbc |
| c |
orignew |
| d |
1 |
| e |
ocip |
| f |
20 |
| g |
y-gencatlg |
| 942 ## - ADDED ENTRY ELEMENTS (KOHA) |
| Source of classification or shelving scheme |
|
| Koha item type |
Book |